000 00921cam a2200229 4500
001 ABS62531
008 000000n2000 000 0 eng u
035 _a(Sirsi) u106617
100 _aHumby, K.
245 4 _aThe changing role of the independent expert witness
260 _c2000
490 _aHealth and Safety Bulletin
_v(289) June 2000, 9-11(3)
520 _aA year after Lord Woolf's "Access to Justice" report, the article looks at the effect of the civil litigation reforms on the role of the expert witness. Discusses who qualifies as an expert, the training process, and the question of expert witnesses' independence in court.
590 _aABS
650 _aEXPERT WITNESS
_96239
650 _aCIVIL COURT PROCEDURES
650 _aWOOLF REFORMS
650 _aACCESS TO JUSTICE
650 _aLITIGATION PROCEEDINGS
690 _aMANAGEMENT-BUSINESS MANAGEMENT-PROFESSIONAL PRACTICE
942 _n0
999 _c63842
_d63842